Formulacin̤ y evaluacin̤ de proyectos
| Main Author: | |
|---|---|
| Other Authors: | |
| Format: | eBook |
| Language: | Spanish |
| Series: | Ciencias administrativas. Administracin̤
|
| Subjects: | |
| Online Access: | Acceso restringido |
MARC
| LEADER | 00000nam a22000007a 4500 | ||
|---|---|---|---|
| 005 | 20120330142538.0 | ||
| 007 | cr|||| |||| | ||
| 008 | 120330s2011 co |||||s|||| 00||0 spa d | ||
| 035 | |a 6232 | ||
| 040 | |a vLex | ||
| 090 | |c 3110 |d 3110 | ||
| 100 | 1 | |a Cr̤doba Padilla, Marcial | |
| 245 | 1 | 0 | |a Formulacin̤ y evaluacin̤ de proyectos |h [Recurso electrn̤ico] / |c Marcial Cr̤doba Padilla |
| 256 | |a Servicio en ln̕ea | ||
| 300 | |a 1 recurso electrn̤ico | ||
| 490 | 0 | |a Ciencias administrativas. Administracin̤ | |
| 500 | |a La formulacin̤ y evaluacin̤ de proyectos es un trabajo interdisciplinario, ya que durante la elaboracin̤ de un estudio de este tipo, intervienen disciplinas como: estadistica, investigacin̤ de mercados, ingenieria de proyectos, contabilidad, administracin̤, finanzas, ciencias fiscales, ingeniera̕ econm̤ica, etc. El resultado de šta interaccin̤ es un estudio completo acerca de la viabilidad tčnica, financiera, econm̤ica, social, ambiental y de mercado, de tal manera que asegure resolver la necesidad humana en forma eficiente, segura y rentable. | ||
| 650 | 0 | 4 | |a Proyectos |
| 700 | 1 | |a Toro Lp̤ez, Francisco J. | |
| 740 | 0 | |a vLex Libros (Servicio en ln̕ea) | |
| 856 | 4 | 0 | |u http://vlex.com/source/formulacion-evaluacion-proyectos-6232 |z Acceso restringido |
| 942 | |c BOOK | ||
| 999 | 0 | |a Designs and plans | |